| 000 | 02250cam a22003491 4500 | ||
|---|---|---|---|
| 001 | rc 01002778 | ||
| 003 | DLC | ||
| 005 | 20260227111907.0 | ||
| 007 | cr ||||||||||| | ||
| 007 | cr_||||||||||| | ||
| 008 | 820303s1860 nyu 000 0 eng | ||
| 010 | _arc 01002778 | ||
| 035 | _a(OCoLC)8209201 | ||
| 040 |
_aDLC _cDSI _dOCoLC _dDLC |
||
| 050 | 0 | 0 |
_aF229 _b.H19 |
| 100 | 1 |
_aHamor, Ralph, _d-1626. |
|
| 245 | 1 | 2 |
_aA true discourse of the present estate of Virginia, and the successe of the affaires there till the 18 of Iune 1614. _bTogether with a relation of the seuerall English townes and fortes, the assured hopes of that countrie and the peace concluded with the Indians. The christening of Powhatans daughter and her marriage with an English-man. _cWritten by Raphe Hamor the yonger, late secretarie in that colony ... London, Printed by Iohn Beale for W. Welby, 1615. |
| 260 |
_a[Albany, _bJ. Munsell, _c1860] |
||
| 300 |
_a5 p. l., 69, [1] p., 1 l. _c37 cm. |
||
| 500 | _a"Only 200 copies privately printed" (for Charles Gorham Barney, of Richmomd, Va., cf. Sabin, Dict.) | ||
| 500 | _aThe discourse is followed by three letters: (1) "To the R. and my most esteemed friend Mr. D.M. at his house at F. Ch. in London," by Sir Thomas Dale, dated "From Iames towne in Virginia the 18 of Iune, 1614," p. 51-59. (2) "To my verie deere and louing cosen M[aster] G[ouge] minister of the B[lack] F[riars] in London," by Rev. Alexander Whitaker, dated "Virginia Iune 18. 1614," p. 59-61. (3) "The coppie of the gentle-mans letters to Sir Thomas Dale, that after maried Powhatans daughter, containing the reasons mouing him thereunto," by John Rolfe, p. 61-68. | ||
| 530 | _aAlso available in digital form on the Library of Congress Web site. | ||
| 530 | _aAlso available in digital form on the Internet Archive Web site. | ||
| 651 | 0 |
_aVirginia _xHistory _yColonial period, ca. 1600-1775. |
|
| 650 | 0 |
_aIndians of North America _zVirginia. |
|
| 600 | 0 | 0 |
_aPocahontas, _d-1617. |
| 700 | 1 |
_aDale, Thomas, _cSir, _d-1619. |
|
| 700 | 1 |
_aWhitaker, Alexander, _d1585-1617. |
|
| 700 | 1 |
_aRolfe, John, _d1585-1622. |
|
| 856 | 4 | 1 |
_dlhbcb _f02778 _qs _uhttp://hdl.loc.gov/loc.gdc/lhbcb.02778 |
| 856 | 4 | 1 | _uhttp://hdl.loc.gov/loc.gdc/scd0001.00014264802 |
| 999 |
_c52401 _d52401 |
||